| 000 | 00969nam a2200253 a 4500 | ||
|---|---|---|---|
| 001 | 000016706 | ||
| 005 | 20240307073941.0 | ||
| 008 | 100310s1986 dr r 000 0 spa d | ||
| 020 | _a8489525242 | ||
| 040 |
_aDO-SdBNP _bspa _cBNPHU |
||
| 082 |
_a501 _bQ3c, 1986 |
||
| 245 | 0 | 0 |
_aQuehacer científico I : _blecturas / _cFernando Ferrán Bru, César Cuello Nieto. |
| 260 |
_aSanto Domingo : _bINTEC, _c1986. |
||
| 300 |
_a312 p. ; _c23 cm. |
||
| 500 | _aIncluye bibliografía al final de los capítulos | ||
| 504 | _aIncluye referencias bibliográficas y notas al pie de las páginas | ||
| 590 | _aInventariado, 2018/BT | ||
| 650 | 4 |
_aFilosofía de la ciencia _xEnsayos, conferencias, etc. _9334 |
|
| 650 | 4 |
_aCiencia _xEnsayos, conferencias, etc. _9336 |
|
| 650 | 4 |
_aTecnología _xEnsayos, conferencias, etc. _9338 |
|
| 700 | 1 | 2 |
_aCuello Nieto, César _937060 |
| 710 | 2 | 2 |
_aInstituto Tecnológico de Santo Domingo _978911 |
| 910 | _aValidado. Control de calidad. MFF | ||
| 999 |
_c16238 _d16238 |
||